|
|
|
|
| LEADER |
00000cam a2200000 7i4500 |
| 001 |
0000002779 |
| 005 |
20240926.0 |
| 020 |
|
|
|a 0070225494
|
| 040 |
|
|
|a INS
|
| 090 |
0 |
0 |
|a PE1483
|b F73 1994
|
| 100 |
1 |
|
|a Fruehling, Rosemary T.
|
| 245 |
1 |
0 |
|a Write the point! :
|b Letters, names and report that get results
|c by Rosemary T. Fruehling & N.B. Oldhem
|
| 260 |
|
|
|a New York :
|b McGraw-Hill Co. ,
|c 1994
|
| 300 |
|
|
|a 261 p. ;
|c 22.5 cm.
|
| 650 |
0 |
0 |
|a English language
|x Rhetoric
|
| 650 |
0 |
0 |
|a Letter writing
|
| 650 |
0 |
0 |
|a Report writing
|
| 700 |
1 |
|
|a Oldhem, N.B.
|
| 999 |
|
|
|a 0000005716
|b BOOK
|c Open Shelf
|e Default branch
|